LEADER 01230nam a2200289 u 4500 001 000000009355 003 CaOOAMICUS 005 20070226105209.0 008 940516s1957 it u000 u ita u 035 $a10235545 040 $aPUL$bita 245 00$aRiflessioni sulla psicanalisi. /$cDi J. Lhermitte [et al.]. 250 $a2. ed. 260 $a[Roma] :$bEdizioni Paoline,$c[1957] 300 $a206 p. ;$c18 cm 490 1 $aPsychologica (Edizioni Paoline).$a1. Serie ;$v25 500 $aTrad. di Aldo Toffoli. 650 4$aPsicanalisi$xAspetti morali e religiosi.$0(OLS)http://pul/subject/7774 650 4$aPsicanalisi e religione.$0(OLS)http://pul/subject/7775 650 4$aEducazione e psicanalisi.$0(OLS)http://pul/subject/7776 700 1 $aLhermitte, Jean.$0(OLS)http://pul/name/9261 830 0$aPsychologica (Edizioni Paoline).$n1. Serie ;$v25.$0(OLS)http://pul/title/13689 850 $aPUL 852 $aPUL$W1$xDP1 Fondo Pastorale$y55$mP19 F 24$j13265$nBK-PRI$b $qFondi$B13265$CPULBib$Z2$F13265 $HPUL282 $81 941 1 $a1 996 $6245$aRiflessioni sulla psicanalisi.$9(OLS)http://pul/title/13752 996 $6260$a[Roma] :$bEdizioni Paoline$9(OLS)http://pul/publisher/51006 LEADER 01267nam a2200325 u 4500 001 000000013612 003 CaOOAMICUS 005 20070226105654.0 008 940517s1984 it u000 u ita u 035 $a10324354 040 $aPUL(R)$bita 041 1 $aita$hger 100 1 $aSchierse, Franz Joseph,$d1915-$0(OLS)http://pul/name/12789 240 10$aChristologie.$lItaliano.$0(OLS)http://pul/title/19639 245 10$aCristologia /$cFranz Joseph Schierse ; appendice Le nuove cristologie di Rosino Gibellini. 246 33$aNuove cristologie 260 $aBrescia :$bQueriniana,$c1984. 300 $a176 p. ;$c20 cm 490 1 $aGiornale di teologia ;$v153 600 04$aIesus Christus$xTeologia.$0(OLS)http://pul/subject/322 700 1 $aGibellini, Rosino,$d1926-$0(OLS)http://pul/name/11017 830 0$aGiornale di teologia ;$v153.$0(OLS)http://pul/title/9027 850 $aPUL 852 $aPUL$W1$xSL Religione 3$y85$m200 GDT 1.153$j19171$nBK-PRI$qDDC 21$B19171$CPULBib$Z2$F19171 $82 941 1 $a9 961 $aINV: 53028 983 0$aGdT. 996 $6245$aCristologia$9(OLS)http://pul/title/19640 996 $6246$aNuove cristologie$9(OLS)http://pul/title/19641 996 $6260$aBrescia :$bQueriniana$9(OLS)http://pul/publisher/47906